Dynamika rastu Staphylococcus aureus v závislosti od faktorov prostredia diplomová práca

Salvato in:
Dettagli Bibliografici
Autore principale: Ferenčíková, Veronika
Natura: Libro
Lingua:slovacco
Pubblicazione: Bratislava STU FCHPT 2015
Accesso online:Visualizza in OPAC
Tags: Aggiungi Tag
Nessun Tag, puoi essere il primo ad aggiungerne!!

MARC

LEADER 00000nam a2200000 a 4500
005 20260127134039.0
008 151210 2015 000 0 slo d
035 |a vtls011427465 
039 9 |y 201512101432  |z mschk03 
040 |a STUSCHK1  |b slo  |c STUSCHK1  |e AACR2 
100 1 |a Ferenčíková, Veronika 
245 1 |a Dynamika rastu Staphylococcus aureus v závislosti od faktorov prostredia  |b diplomová práca  |c Veronika Ferenčíková 
260 |a Bratislava  |b STU FCHPT  |c 2015 
300 |a 86 s.  |b il.  |c 25 cm 
500 |a Študijný program: výživa a ochrana zdravia 
500 |a Študijný odbor: potravinárstvo 
500 |a Školiace pracovisko: Odd. výživy a hodnotenia potravín 
500 |a Evid. číslo: FCHPT-5465-43493 
910 |a SCHK95 
999 |c 2835  |d 2835